00430nam a2200133 a 450000500170000000800410001702000180005805000170007610000180009324500930011126000530020430000160025765000230027320140412111321.0010404s19uu xx 00 eng d a0-7214-1650-0 aERbSt6 1994 aStimson, Joan aStorytime for 6 years olds /cby Joan Stimson ; illustrated by John and Caroline Astrop. aLeicestershire, UK :bLadybird Books Ltd,c1994. a43p. ; ill. aChildren's stories